Drapeaux fusionnés n°1 - Statistiques

Statistiques générales
  • Ce quiz a été pris 1 541 fois
  • Le résultat moyen est 18 sur 28
Statistiques - réponses
Hint Réponse % Correct
Suisse
98%
Inde
97%
Portugal
95%
Corée du Sud
94%
Finlande
94%
Liban
93%
Chypre
90%
Japon
89%
Algérie
88%
Jamaïque
85%
République démocratique du Congo
80%
Corée du Nord
74%
Taïwan
73%
Chine
71%
Kosovo
71%
Philippines
71%
Cuba
65%
République dominicaine
54%
Djibouti
52%
Botswana
51%
Suriname
46%
Brésil
45%
Trinité-et-Tobago
40%
Espagne
37%
Érythrée
32%
Salomon
23%
Israël
17%
Mongolie
10%
Aucun quiz correspondant
Distribution des résultats
% des personnes avec chaque résultat
Percentile par nombre de réponses
Votre historique - résultats
Vous n’avez pas pris ce quiz